00459nam a2200157Ia 45000010006000000050017000060080041000230410008000640820015000721000032000872450129001192600009002483000028002576500008002856540008002932093320260306172842.0260306t2014||||xx |||||||||||||| ||spa|| aESP a343.8bV65 aVillazana Ochoa,SaúleAUT 0aReparos frecuentes en el IGV y en el IR:banálisis de los pronunciamientos de la Sunat y del TF mediante casos prácticos c2014 a734 páginas :c25 cm. aGEN aCCO